[Event "45th Olympiad 2024"]
[Site "Budapest HUN"]
[Date "2024.09.13"]
[Round "3.17"]
[Board "1"]
[White "Deac, Bogdan-Daniel"]
[Black "Grandelius, Nils"]
[Result "1/2-1/2"]
[WhiteElo "2680"]
[BlackElo "2653"]
[PlyCount "53"]
[EventDate "2024.09.11"]
[WhiteTeam "Romania"]
[BlackTeam "Sweden"]
[WhiteTeamCountry "ROU"]
[BlackTeamCountry "SWE"]

1. d4 d5 2. Nf3 c5 3. e3 Nf6 4. Be2 e6 ({RR} 4... Bg4 5. O-O Nc6 6. Nbd2 cxd4 7. Nxd4 Bxe2 8. Qxe2 e6 9. Nxc6 bxc6 10. b3 Bd6 11. Bb2 O-O 12. e4 Bf4 13. Rad1 Bxd2 14. Bxf6 Qxf6 15. Rxd2 a5 16. a4 Rab8 17. Rd3 Rb4 18. Re3 Rfb8 19. h3 {½-½ Sjugirov,S (2663)-Rasulov,V (2478) Titled Arena Mar 6th blitz 2021}) 5. Nbd2 Nc6 6. c3 Qc7 7. Qc2 $146 ({RR} 7. b3 b6 8. Bb2 Bb7 9. c4 cxd4 10. Nxd4 Nxd4 11. Bxd4 dxc4 12. Nxc4 Bb4+ 13. Kf1 O-O 14. Rc1 Qe7 15. Bf3 Rfd8 16. Qe2 Rac8 17. Rd1 Ba6 18. g3 e5 19. Bb2 Rxd1+ 20. Qxd1 Bxc4+ 21. bxc4 Rxc4 {0-1 Voytovych,S (1402)-Matveev,A (1995) Mukachevo Christmas op U16 2020 (2)}) 7... Be7 8. b3 cxd4 9. exd4 O-O 10. Bb2 e5 11. dxe5 Nxe5 12. Nxe5 Qxe5 13. Nf3 Qe4 14. Qxe4 dxe4 15. Nd4 Bc5 16. Rd1 Rd8 17. h3 Bxd4 18. Rxd4 Rxd4 19. cxd4 Be6 20. Kd2 Rc8 21. Re1 e3+ 22. fxe3 Ne4+ 23. Kd1 Nf2+ 24. Kd2 Ne4+ 25. Kd1 Nf2+ 26. Kd2 Ne4+ 27. Kd1 1/2-1/2

[Event "45th Olympiad 2024"]
[Site "Budapest HUN"]
[Date "2024.09.13"]
[Round "3.17"]
[Board "2"]
[White "Blomqvist, Erik"]
[Black "Shevchenko, Kirill"]
[Result "1-0"]
[WhiteElo "2491"]
[BlackElo "2673"]
[PlyCount "69"]
[EventDate "2024.09.11"]
[WhiteTeam "Sweden"]
[BlackTeam "Romania"]
[WhiteTeamCountry "SWE"]
[BlackTeamCountry "ROU"]

1. e4 c5 2. Nc3 Nc6 3. Nf3 d6 4. d4 cxd4 5. Nxd4 Nf6 6. Bg5 e6 7. Qd2 a6 8. O-O-O Bd7 9. Nxc6 Bxc6 10. f3 Be7 11. Kb1 ({RR} 11. h4 Qa5 12. Kb1 Rc8 13. Bd3 h6 14. Be3 Qc7 15. g4 Nd7 16. g5 hxg5 17. hxg5 Rxh1 18. Rxh1 Ne5 19. Be2 b5 20. f4 b4 21. Nd5 Bxd5 22. exd5 Nc4 23. Bxc4 Qxc4 24. dxe6 fxe6 25. Re1 Qe4 {1-0 Wang,H (2722)-Guseinov,G (2661) Shusha Rapid 2022 (4)}) 11... Qc7 12. h4 h6 ({RR} 12... Rd8 13. Bd3 d5 14. exd5 Nxd5 15. Nxd5 Rxd5 16. Bxe7 Qxe7 17. Qe2 O-O 18. Qe4 Rh5 19. Qg4 {½-½ Hovhannisyan,R (2611)-Sevian,S (2687) Stepan Avagyan Mem 2024 (9.4)}) 13. Be3 b5 $146 ({RR} 13... d5 14. e5 Nd7 15. f4 b5 16. Ne2 b4 17. Nd4 Bb5 18. f5 Nxe5 19. Nxb5 axb5 20. Bxb5+ Nd7 21. fxe6 fxe6 22. Qd4 O-O 23. Qg4 Rf5 24. Bd4 Nf6 25. Bxf6 {½-½ Pajeken,J (2465)-Pajcin,L (2221) 23rd ch-EUR Indiv 2023 (5.156)}) 14. Ne2 Nd7 15. Nd4 Bb7 16. c4 bxc4 17. Bxc4 O-O 18. Rc1 Qd8 19. Bxh6 gxh6 20. Qxh6 Bf6 21. Nxe6 Qb6 22. e5 Bxe5 23. Rc2 Rab8 24. Qg5+ Kh8 25. Qh5+ Kg8 26. Nxf8 Rxf8 27. Qg4+ Bg7 28. Qxd7 Bc8 29. Bxf7+ Kh8 30. Qc7 Qd4 31. Bg6 Be6 32. h5 Bg8 33. Qb7 Bf6 34. Rc7 Bd5 35. Rh7+ 1-0

[Event "45th Olympiad 2024"]
[Site "Budapest HUN"]
[Date "2024.09.13"]
[Round "3.70"]
[White "Nguyen, Ngoc Truong Son"]
[Black "Nogerbek, Kazybek"]
[Result "1/2-1/2"]
[WhiteElo "2633"]
[BlackElo "2519"]
[PlyCount "59"]
[EventDate "2024.09.11"]
[WhiteTeam "Vietnam"]
[BlackTeam "Kazakhstan"]
[WhiteTeamCountry "VIE"]
[BlackTeamCountry "KAZ"]

1. d4 d5 2. c4 e6 3. Nc3 Nf6 4. cxd5 exd5 5. Bg5 Be7 6. e3 h6 7. Bh4 Bg4 8. Qc2 O-O 9. h3 Be6 10. Nf3 ({RR} 10. Bd3 Ne8 11. Bxe7 Qxe7 12. Nge2 Nd6 13. Nf4 c6 14. O-O Nd7 15. Rae1 Rae8 16. f3 Qh4 17. Qf2 Qxf2+ 18. Kxf2 g5 19. Nfe2 f5 20. h4 Kg7 21. Rh1 Nf6 22. hxg5 hxg5 23. Ng3 Nfe4+ 24. Bxe4 fxe4 {0-1 Vidit,S (2716)-Carlsen,M (2839) chess.com SpeedChess 2023 (1.11)}) 10... Nbd7 11. Bd3 Ne8 $146 ({RR} 11... c6 12. Bg3 c5 13. dxc5 Nxc5 14. Be5 Nxd3+ 15. Qxd3 Nd7 16. Bd4 Rc8 17. O-O Nc5 18. Qe2 Qa5 19. Rfd1 Rfd8 20. Ne5 Bd6 21. Qh5 Bf8 22. Nd3 Nxd3 23. Rxd3 b5 24. f4 f6 25. f5 Bf7 26. Qg4 {½-½ Hesham,A (2366)-Mouhamad,J (2269) SixDays Budapest IM March 2024 (2.1)}) ({RR} 11... c6 12. O-O Ne8 13. Bg3 Rc8 14. Rad1 a6 15. Qb1 Qa5 16. Ne2 Ndf6 17. Nf4 Bd7 18. Ne5 Nd6 19. Nxd7 Nxd7 20. f3 Nc4 21. Bxc4 dxc4 22. e4 Nf6 23. Ne2 Rfe8 24. Kh1 Rcd8 25. Be1 Bb4 26. Bh4 {1-0 Vetoshko,V (2505)-Mouhamad,J (2311) Budapest Spring Open 2024 (3.12)}) 12. Bg3 Bd6 13. O-O Bxg3 14. fxg3 Nd6 15. g4 c6 16. Rae1 Qe7 17. e4 dxe4 18. Nxe4 Nxe4 19. Bxe4 Rae8 20. Bh7+ Kh8 21. Bf5 Qd6 22. Bxe6 Rxe6 23. Qa4 Rxe1 24. Rxe1 a6 25. Qb3 b5 26. Qc2 c5 27. dxc5 Qxc5+ 28. Qxc5 Nxc5 29. Re7 Nd3 30. Ne5 1/2-1/2

[Event "45th Olympiad 2024"]
[Site "Budapest HUN"]
[Date "2024.09.13"]
[Round "3.18"]
[Board "4"]
[White "Tran, Tuan Minh"]
[Black "Zhalmakhanov, Ramazan"]
[Result "1-0"]
[WhiteElo "2434"]
[BlackElo "2497"]
[PlyCount "111"]
[EventDate "2024.09.11"]
[WhiteTeam "Vietnam"]
[BlackTeam "Kazakhstan"]
[WhiteTeamCountry "VIE"]
[BlackTeamCountry "KAZ"]

1. d4 Nf6 2. c4 e6 3. Nf3 d5 4. Nc3 Nbd7 5. cxd5 exd5 6. Bf4 c6 7. h3 Ne4 8. Nxe4 dxe4 9. Nd2 g5 10. Bg3 e3 11. fxe3 Nf6 $146 ({RR} 11... Nb6 12. Bf2 Bb4 13. a3 Bxd2+ 14. Qxd2 Bf5 15. e4 Bxe4 16. h4 g4 17. Qg5 Qxg5 18. hxg5 Rg8 19. Rh5 Nd5 20. e3 Bg6 21. Rh4 Bf5 22. Kd2 Rxg5 23. e4 Bxe4 24. Re1 f5 25. Rxh7 Kf8 26. Rxb7 {0-1 Hammer,J (2611)-Mitusov,S (2475) ch-NOR 2024 Storefjell NOR (5.6)}) ({RR} 11... Nb6 12. Qc2 Bb4 13. a3 Bxd2+ 14. Qxd2 Bf5 15. h4 g4 16. e4 Bxe4 17. Qf4 Qe7 18. Qxg4 h5 19. Qf4 Rg8 20. e3 Nd5 21. Qf2 O-O-O 22. O-O-O Rg6 23. Be5 f6 24. Bf4 b5 25. Rg1 b4 26. axb4 {½-½ Agdestein,S (2584)-Romanov,E (2555) ch-NOR 2023 Oslo NOR (5.1)}) 12. Qc2 Bd6 13. Bf2 Qa5 14. e4 Bb4 15. Rd1 Qxa2 16. e5 Bxd2+ 17. Rxd2 Qa1+ 18. Qd1 Qxd1+ 19. Rxd1 Ne4 20. h4 g4 21. g3 Be6 22. Bg2 Bd5 23. O-O O-O 24. Bxe4 Bxe4 25. Be3 h5 26. Bg5 f5 27. exf6 Rae8 28. Rf2 Rf7 29. Ra1 b5 30. Bd2 Re6 31. Bb4 Rexf6 32. Rxf6 Rxf6 33. Rxa7 Bd5 34. Be7 Rf7 35. Ra8+ Kg7 36. Re8 Bc4 37. Bc5 Kg6 38. Rg8+ Kh6 39. Rc8 Bxe2 40. Rxc6+ Kh7 41. d5 Bf3 42. Be3 Re7 43. Kf2 Rd7 44. Rh6+ Kg7 45. d6 Be4 46. Rxh5 Rxd6 47. Rxb5 Bf3 48. Bf4 Re6 49. Be5+ Kg6 50. Ke3 Rc6 51. Kd4 Be2 52. Rb8 Rc4+ 53. Kd5 Rc2 54. Rb6+ Kf7 55. h5 Bf3+ 56. Kd4 1-0

[Event "45th Olympiad 2024"]
[Site "Budapest HUN"]
[Date "2024.09.13"]
[Round "3.19"]
[Board "1"]
[White "Yilmaz, Mustafa"]
[Black "Gazik, Viktor"]
[Result "0-1"]
[WhiteElo "2587"]
[BlackElo "2561"]
[PlyCount "80"]
[EventDate "2024.09.11"]
[WhiteTeam "Turkiye"]
[BlackTeam "Slovakia"]
[BlackTeamCountry "SVK"]

1. d4 {Marin,Mihail} Nf6 2. c4 e6 3. Nf3 Bb4+ 4. Nbd2 b6 5. a3 Bxd2+ 6. Qxd2 Bb7 7. e3 O-O 8. Be2 d5 9. O-O Nbd7 10. b3 c5 11. Bb2 Rc8 12. Rac1 Qe7 ({RR} 12... Ne4 13. Qc2 dxc4 14. bxc4 Nd6 15. Rfd1 Qe7 16. Ne5 Nxe5 17. dxe5 Nf5 18. Bd3 Qg5 19. f4 Qg4 20. Bxf5 Qxf5 21. Qxf5 exf5 22. Rd7 Rb8 23. Rcd1 Bc8 24. Rxa7 Be6 25. Kf2 Bxc4 26. g4 Be6 27. e4 {1-0 Sarana,A (2654)-Giri,A (2764) EU-ch Online KO Final 2020 (2.2)}) 13. Rfd1 Rfd8 14. a4 $146 ({RR} 14. Qe1 h6 15. dxc5 Nxc5 16. b4 Nce4 17. Ne5 dxc4 18. Nxc4 Rxd1 19. Rxd1 Bd5 20. Rc1 Bxc4 21. Bxc4 Rd8 22. f3 Nd6 23. Bb3 Nf5 24. e4 ({RR} 24. g4 Nd6 25. e4) 24... Nd4 25. e5 Nxb3 26. exf6 Qd6 27. Rc3 Qd1 28. Re3 Qxe1+ {0-1 Gledura,B (2513)-Kasimdzhanov,R (2704) Budapest Highlander Cup rapid 2015 (2.4)}) ({RR} 14. b4 dxc4 15. bxc5 bxc5 16. Bxc4 Bxf3 17. gxf3 Ne5 18. Qe2 {½-½ Ragger,M (2639)-Rozentalis,E (2603) Warsaw Najdorf Memorial op-A 12th 2014 (9)}) 14... cxd4 15. exd4 a5 16. Qe1 dxc4 17. bxc4 Bc6 18. Rd3 Bxa4 19. Ba3 Qe8 20. Re3 Ng4 21. Rec3 Ngf6 22. Re3 Ng4 23. Rec3 Ngf6 24. h3 Nf8 25. Re3 b5 26. d5 bxc4 27. dxe6 Nxe6 28. Bxc4 Rxc4 29. Rxc4 Rd1 30. Qxd1 Bxd1 31. Rec3 Qb5 32. Rc8+ Ne8 33. Ne5 f6 34. Nc6 Bh5 35. Rb8 Qa4 36. Ne7+ Kh8 37. g4 Bf7 38. Nf5 Qd1+ 39. Kh2 Qd2 40. Rf3 Ng5 0-1

[Event "45th Olympiad 2024"]
[Site "Budapest HUN"]
[Date "2024.09.13"]
[Round "3.19"]
[Board "4"]
[White "Kostolansky, Sebastian Lukas"]
[Black "Sanal, Vahap"]
[Result "1-0"]
[WhiteElo "2405"]
[BlackElo "2581"]
[PlyCount "101"]
[EventDate "2024.09.11"]
[WhiteTeam "Slovakia"]
[BlackTeam "Turkiye"]
[WhiteTeamCountry "SVK"]

1. e4 e5 2. Nf3 Nc6 3. Bb5 Nf6 4. d3 Bc5 5. c3 O-O 6. O-O d5 7. Nbd2 dxe4 8. dxe4 Qe7 9. a4 a5 10. h3 ({RR} 10. Qc2 Nb8 11. h3 Rd8 12. Re1 h6 13. Nf1 c6 14. Bc4 Na6 15. Ne3 Bb6 16. Nf1 Bc5 17. Ne3 Bb6 18. Bf1 Nc5 19. Nc4 Bc7 20. Be3 Ncxe4 21. Bb6 Bf5 22. Bd3 Bxb6 23. Nxb6 Qc5 24. Bxe4 Bxe4 {½-½ LCZero 0.31-dag-5350a2e-BT4-6 (3631)-Stockfish dev-20240728-2343f7 (3662) TCEC 26 Balanced Lines 2024 (4.1)}) 10... h6 11. Qc2 Nb8 12. Re1 Nbd7 $146 ({RR} 12... c6 13. Bf1 Qc7 14. Nh4 Be6 15. Nc4 Nbd7 16. Nf5 Bxf5 17. exf5 e4 18. Rb1 b5 19. Ne3 bxa4 20. Qxa4 Ne5 21. Rd1 Rfd8 22. Ra1 Rxd1 23. Qxd1 Rd8 24. Qa4 Bb6 25. Be2 Nd3 26. Bxd3 Rxd3 27. Qc2 {½-½ Nepomniachtchi,I (2758)-Firouzja,A (2760) Chessable Masters Div 1 L 2024 (3.3)}) ({RR} 12... Rd8 13. Bf1 Nbd7 14. Nc4 b6 15. Rb1 Bb7 16. Bd2 Qe6 17. b4 axb4 18. cxb4 Bd4 19. a5 Rdc8 20. Nxd4 exd4 21. f3 Nh5 22. Qd3 Ng3 23. Qxd4 Nxf1 24. Rxf1 c5 25. bxc5 bxc5 26. Qc3 Ba6 27. Rfc1 {1-0 Carlsen,M (2830)-Giri,A (2745) Superbet POL Blitz 2024 (8.5)}) 13. Bf1 b6 14. Nc4 Bb7 15. Bd2 Rfe8 16. Rad1 Bc6 17. b3 Rad8 18. Nb2 Bb7 19. Bb5 c6 20. Bf1 Nh7 21. Nc4 Bc8 22. b4 axb4 23. cxb4 Bxb4 24. Bxb4 Qxb4 25. Nd6 Re7 26. Nf5 Ree8 27. Nd6 Re7 28. Qxc6 Nb8 29. Qc4 Qxc4 30. Nxc4 Rde8 31. Rd6 Nf6 32. Nxb6 Bb7 33. Nd5 Nxd5 34. exd5 f6 35. Bb5 Rc8 36. Nd4 Rec7 37. Ne6 Re7 38. Rd1 Ba8 39. a5 Ra7 40. a6 Kf7 41. Nd8+ Kf8 42. f4 e4 43. g4 e3 44. Re1 Nd7 45. Nb7 Nc5 46. Rc6 Rxc6 47. dxc6 Nxa6 48. Ra1 Bxb7 49. cxb7 Rxb7 50. Bxa6 Rb4 51. Rf1 1-0

[Event "45th Olympiad 2024"]
[Site "Budapest HUN"]
[Date "2024.09.13"]
[Round "3.20"]
[Board "3"]
[White "Avila Pavas, Santiago"]
[Black "Tari, Aryan"]
[Result "1/2-1/2"]
[WhiteElo "2485"]
[BlackElo "2642"]
[PlyCount "124"]
[EventDate "2024.09.11"]
[WhiteTeam "Colombia"]
[BlackTeam "Norway"]
[WhiteTeamCountry "COL"]
[BlackTeamCountry "NOR"]

1. e4 c6 2. d4 d5 3. exd5 cxd5 4. c4 Nf6 5. Nc3 Nc6 6. Nf3 a6 7. h3 ({RR} 7. cxd5 Nxd5 8. Bc4 Be6 9. Bb3 Nxc3 10. bxc3 Bxb3 11. axb3 e6 12. Bg5 Be7 13. Bxe7 Qxe7 14. O-O O-O 15. Re1 Rfd8 16. Re4 Qc7 17. Qe2 h6 18. h3 b5 19. c4 bxc4 20. bxc4 a5 21. Qc2 Nb4 {½-½ Giri,A (2764)-Grischuk,A (2777) Chessable Masters Final rapid 2020 (1.23)}) 7... dxc4 ({RR} 7... g6 8. c5 Bf5 9. a3 Bg7 10. Bf4 Ne4 11. Ne5 O-O 12. Nxc6 bxc6 13. Be2 Qa5 14. Rc1 e5 15. Bxe5 Bxe5 16. dxe5 Rfe8 17. O-O Rxe5 18. Nxe4 Bxe4 19. f4 Ree8 20. Bd3 Rab8 21. Rf2 Bxd3 22. Qxd3 {1-0 Gerbelli Neto,E (2114)-Barbaric,V (2147) Titled Tue 10th Sep Late 2024 (5)}) 8. Bxc4 e6 9. O-O $146 ({RR} 9. a3 Be7 10. O-O O-O 11. Ba2 b5 12. d5 exd5 13. Nxd5 Nxd5 14. Bxd5 Bb7 15. Bf4 Rc8 16. Ne5 Bf6 17. Re1 Bxe5 18. Bxe5 Qg5 19. f4 Qh6 20. Bd6 Rfd8 21. Bxf7+ Kh8 22. Re6 Qh4 23. Qe1 Qxe1+ {1-0 Morozevich,A (2659)-Kukhmazov,A (2498) TCh-RUS Rapid 2023 (5.18)}) 9... b5 10. Bb3 Na5 11. Bc2 Bb7 12. Ne5 Be7 13. Bg5 O-O 14. Qd3 g6 15. Bh6 Re8 16. a3 Rc8 17. Rfe1 Nc4 18. Bb3 Nxe5 19. Rxe5 Nd7 20. Re3 Bg5 21. Bxg5 Qxg5 22. Ne4 Qf4 23. d5 exd5 24. Bxd5 Bxd5 25. Qxd5 Nf6 26. Nxf6+ Qxf6 27. Rxe8+ Rxe8 28. Qd2 h5 29. Rd1 Kg7 30. Qc2 h4 31. Qd2 Re6 32. Qc2 a5 33. Qd2 a4 34. Qc2 Re8 35. Qd2 Re4 36. Qc2 Qe5 37. Qc3 Qxc3 38. bxc3 Re2 39. Rb1 Re5 40. Kf1 Kf6 41. Rd1 Ke6 42. Rd4 Rc5 43. Rd3 Rd5 44. Ke2 g5 45. Re3+ Kd6 46. g4 Re5 47. Rxe5 Kxe5 48. Ke3 Kd5 49. Kd3 Kc5 50. Kd2 Kd6 51. Ke2 Ke6 52. Kd2 Kd5 53. Kd3 Kc5 54. Kd2 Kc4 55. Kc2 Kc5 56. Kd2 Kd6 57. Ke2 Ke6 58. Kd2 f5 59. f3 fxg4 60. fxg4 Kd6 61. Ke2 Kc5 62. Kd2 Kd6 1/2-1/2

[Event "45th Olympiad 2024"]
[Site "Budapest HUN"]
[Date "2024.09.13"]
[Round "3.21"]
[Board "1"]
[White "Navara, David"]
[Black "Rodrigue-Lemieux, Shawn"]
[Result "1-0"]
[WhiteElo "2681"]
[BlackElo "2509"]
[PlyCount "53"]
[EventDate "2024.09.11"]
[WhiteTeam "Czech Republic"]
[BlackTeam "Canada"]
[WhiteTeamCountry "CZE"]
[BlackTeamCountry "CAN"]

1. e4 c6 2. d4 d5 3. e5 Bf5 4. Nf3 e6 5. Be2 c5 6. Be3 Qb6 7. Nc3 Nc6 8. Bb5 ({RR} 8. O-O Qxb2 9. Qe1 O-O-O 10. Rb1 Qxc2 11. Bb5 Bg4 12. Ng5 Nh6 13. Rc1 Qb2 14. Bxc6 bxc6 15. Na4 Qb4 16. Nxc5 Qxe1 17. Rfxe1 Bf5 18. f3 Bxc5 19. Rxc5 Kb7 20. g4 Bd3 21. Bd2 Rd7 22. Nh3 Ng8 {½-½ Kamsky,G (2725)-Morozevich,A (2771) Amber-rapid 18th 2009 (11)}) 8... c4 9. O-O ({RR} 9. Nh4 Bb4 10. Nxf5 exf5 11. O-O Bxc3 12. Bxc6+ Qxc6 13. bxc3 Ne7 14. Qf3 h6 15. a4 b6 16. Rfb1 O-O 17. Bc1 Rfe8 18. Ba3 g6 19. Bxe7 Rxe7 20. Rb5 Rd8 21. Rab1 Rb7 22. a5 Rdd7 23. axb6 Rxb6 {1-0 Dominguez Perez,L (2748)-Samunenkov,I (2548) Titled Tue 9th Apr Early 2024 (7)}) 9... Nge7 $146 ({RR} 9... a6 10. Bxc6+ Qxc6 11. Nh4 Ne7 12. Bg5 Bg6 13. f4 Qd7 14. g4 h6 15. Bxe7 Bxe7 16. Nxg6 fxg6 17. Qf3 O-O-O 18. Qg2 h5 19. gxh5 gxh5 20. Rf3 g5 21. fxg5 Bxg5 22. Kh1 Be7 23. Raf1 Rdg8 24. Rg3 {½-½ Naiditsch,A (2716)-Adla,D (2507) FRA-chT Top 12 2011 (1.2)}) ({RR} 9... a6 10. Bxc6+ Qxc6 11. Nh4 Ne7 12. g4 Bg6 13. f4 f5 14. exf6 gxf6 15. f5 Bf7 16. fxe6 Qxe6 17. Qf3 Rg8 18. h3 h5 19. Rae1 hxg4 20. Qxf6 gxh3+ 21. Kh1 Qxf6 22. Rxf6 Rc8 23. Ref1 Rg7 24. Bh6 {½-½ Naiditsch,A (2706)-Laznicka,V (2681) SRB-chT Valjevo 2011 (4.3)}) 10. b3 a6 11. Ba4 Qa5 12. Bd2 Qd8 13. bxc4 dxc4 14. Bg5 Qa5 15. Rb1 Qxc3 16. Rxb7 Be4 17. d5 Bxd5 18. Bxe7 Qa5 19. c3 Bxe7 20. Bxc6+ Kf8 21. Bxd5 Rd8 22. Bxc4 Rxd1 23. Rxd1 g5 24. Rdd7 Bd8 25. Nd4 Kg7 26. Rxf7+ Kh6 27. Bd3 1-0

[Event "45th Olympiad 2024"]
[Site "Budapest HUN"]
[Date "2024.09.13"]
[Round "3.21"]
[Board "4"]
[White "Preotu, Razvan"]
[Black "Krejci, Jan2"]
[Result "1-0"]
[WhiteElo "2451"]
[BlackElo "2556"]
[PlyCount "83"]
[EventDate "2024.09.11"]
[WhiteTeam "Canada"]
[BlackTeam "Czech Republic"]
[WhiteTeamCountry "CAN"]
[BlackTeamCountry "CZE"]

1. Nf3 d5 2. g3 Nd7 3. d4 Nb6 4. b3 ({RR} 4. Bf4 Bf5 5. Nbd2 Nf6 6. Nh4 Bd7 7. f3 e6 8. e4 dxe4 9. fxe4 c5 10. dxc5 Na4 11. Nc4 Nxc5 12. e5 Nd5 13. Nf3 Bc6 14. Bg2 Nxf4 15. gxf4 Ne4 16. Qxd8+ Rxd8 17. Nfd2 Nxd2 18. Bxc6+ bxc6 {1-0 Preotu,R (2463)-Kapra,J (2006) Ontario Open 2024 (2.3)}) 4... Bf5 5. Nbd2 ({RR} 5. Nh4 e6 6. Nxf5 exf5 7. Qd3 g6 8. Bg2 Nf6 9. O-O Be7 10. c4 c6 11. Bh6 Bf8 12. Bg5 Be7 13. a4 a5 14. Nc3 O-O 15. Bxf6 Bxf6 16. cxd5 Nxd5 17. Nxd5 cxd5 18. e3 Qd7 19. Qb5 Rfd8 {½-½ Carlsen,M (2864)-Wang,H (2744) Norway Chess 10th 2022 (1)}) 5... e6 6. Nh4 $146 ({RR} 6. Bb2 Nf6 7. Bg2 c5 8. O-O Qc7 9. c4 dxc4 10. Rc1 cxb3 11. dxc5 Na4 12. Bxf6 gxf6 13. Qxb3 Nxc5 14. Qc3 Be7 15. Nd4 Bg6 16. f4 O-O 17. e4 Qd7 18. f5 Rfd8 19. N2b3 Nxb3 20. Nxb3 exf5 {0-1 Ronka,E (2305)-Mendes Aaron Reeve (2312) Titled Tue 30th Jul Early 2024 (5)}) ({RR} 6. Bb2 h6 7. Bg2 Nf6 8. h3 Be7 9. e3 a5 10. a3 Nbd7 11. Ne5 Bh7 12. O-O O-O 13. Rc1 c6 14. Kh2 Nxe5 15. dxe5 Nd7 16. e4 f6 17. exd5 cxd5 18. Qe2 fxe5 19. c4 e4 20. Qg4 Rf7 {0-1 Stosevski,I (2011)-Kanyamarala,T (2305) Skopje Open 2023 (9.45)}) 6... Bg4 7. h3 Bh5 8. Ng2 f6 9. Nf4 Bf7 10. Bb2 Bd6 11. Nd3 c6 12. e4 Ne7 13. Bg2 O-O 14. O-O Nd7 15. c4 Rc8 16. Re1 dxc4 17. Nxc4 Bb8 18. Ba3 Re8 19. Nc5 Qc7 20. Nxe6 Bxe6 21. d5 Nb6 22. dxe6 Rcd8 23. Qh5 Ng6 24. e7 Nxe7 25. Nd6 Rf8 26. Rad1 Ng6 27. Qg4 Qe7 28. Nc4 c5 29. Ne3 Ne5 30. Nf5 Qc7 31. Qe2 Nc8 32. f4 Rxd1 33. Rxd1 Nf7 34. Qg4 Nfd6 35. Nxd6 Nxd6 36. Qe6+ Kh8 37. e5 fxe5 38. Qxe5 b6 39. Bb2 Re8 40. Qh5 Qe7 41. Be5 Rf8 42. Rxd6 1-0

[Event "45th Olympiad 2024"]
[Site "Budapest HUN"]
[Date "2024.09.13"]
[Round "3.22"]
[Board "3"]
[White "Baasansuren, Erdene"]
[Black "Smirin, Ilia"]
[Result "1-0"]
[WhiteElo "2368"]
[BlackElo "2575"]
[PlyCount "79"]
[EventDate "2024.09.11"]
[WhiteTeam "Mongolia"]
[BlackTeam "Israel"]
[WhiteTeamCountry "MGL"]
[BlackTeamCountry "ISR"]

1. Nf3 Nf6 2. c4 g6 3. b4 Bg7 4. Bb2 O-O 5. g3 d6 6. Bg2 a5 7. b5 e5 8. O-O Nbd7 9. d3 ({RR} 9. d4 exd4 10. Nxd4 Nc5 11. Nb3 Na4 12. Bd4 Nd7 13. Bxg7 Kxg7 14. Nd4 Ndc5 15. e3 Qf6 16. Nd2 Be6 17. Qc2 Nb6 18. Rac1 h5 19. f4 Rae8 20. f5 Qg5 21. Qc3 Kh7 22. fxe6 Nxe6 23. Ne4 {1-0 Movahed,S (2463)-Guliev,L (2257) Titled Tue 9th Apr Late 2024 (1)}) 9... Nc5 10. Nc3 e4 $146 ({RR} 10... Rb8 11. Nd2 b6 12. Ba3 Nfd7 13. Rc1 Bb7 14. Bxc5 Bxg2 15. Kxg2 Nxc5 16. Nde4 Ne6 17. Nd5 f5 18. Nec3 Bh6 19. e3 f4 20. Qg4 f3+ 21. Kh1 Ng5 22. h4 Nf7 23. Ne4 Bg7 24. Qxf3 Ng5 25. Qg4 {1-0 Jessel,S (2297)-Mirulla,D (1956) Online Olym Div3 B rapid 2021 (1.4)}) ({RR} 10... a4 11. Rb1 a3 12. Bc1 e4 13. Ne1 exd3 14. Nxd3 Bf5 15. Nxc5 dxc5 16. Rb3 Qc8 17. Bxa3 Rd8 18. Qc1 Rd4 19. Nd5 Nxd5 20. Bxd5 c6 21. bxc6 bxc6 22. e3 cxd5 23. exd4 Bxd4 24. cxd5 Be4 25. g4 {½-½ Dzagnidze,N (2559)-Nezad,H (2425) Qatar Masters op 2015 (3)}) ({RR} 10... Rb8 11. d4 exd4 12. Nxd4 Be6 13. Nxe6 fxe6 14. Qc2 Qe7 15. Rad1 Rbd8 16. e3 Nfd7 17. Ne4 Nxe4 18. Bxe4 Bxb2 19. Qxb2 Nc5 20. Qd4 Qf6 21. Bg2 Kf7 22. f4 Ke7 23. Qb2 b6 {½-½ Phillips,D (2031)-Patrick,D (1888) BCF-chT2a 1819 (4NCL) 2018 (7.18)}) 11. Nxe4 Nfxe4 12. Bxg7 Nxf2 13. Rxf2 Kxg7 14. Qd2 f5 15. Raf1 Bd7 16. e4 Qf6 17. e5 dxe5 18. Nxe5 Qxe5 19. d4 Qf6 20. dxc5 Rfd8 21. Qf4 c6 22. Qc7 Kh6 23. Rf4 g5 24. R4f2 Qd4 25. Qxb7 Rab8 26. Qc7 cxb5 27. c6 Be6 28. Qxa5 Ra8 29. Qe1 Re8 30. cxb5 Rxa2 31. c7 Rxf2 32. Rxf2 Qd6 33. Re2 Qc5+ 34. Kh1 Kg7 35. b6 Kf7 36. Qf2 Qc4 37. Rc2 Qd3 38. Rc1 Bd5 39. b7 Bxg2+ 40. Qxg2 1-0

[Event "45th Olympiad 2024"]
[Site "Budapest HUN"]
[Date "2024.09.13"]
[Round "3.23"]
[Board "1"]
[White "Theodorou, Nikolas"]
[Black "Murphy, Conor E"]
[Result "1/2-1/2"]
[WhiteElo "2619"]
[BlackElo "2453"]
[PlyCount "75"]
[EventDate "2024.09.11"]
[WhiteTeam "Greece"]
[BlackTeam "Ireland"]
[WhiteTeamCountry "GRE"]
[BlackTeamCountry "IRL"]

1. c4 e6 2. Nc3 d5 3. d4 Nf6 4. cxd5 exd5 5. Bg5 c6 6. e3 Bf5 7. Nge2 Bd6 ({RR} 7... h6 8. Bh4 Nbd7 9. f3 Be7 10. Bf2 Bh7 11. Ng3 Qb6 12. Qd2 O-O 13. Be2 Rfe8 14. e4 dxe4 15. fxe4 c5 16. e5 cxd4 17. Bxd4 Bc5 18. Na4 Qc6 19. Nxc5 Nxc5 20. exf6 Rad8 21. O-O Ne6 22. Bf3 {1-0 Firouzja,A (2738)-Carlsen,M (2830) Chess.com Classic Div 1 W 2024 (4.4)}) ({RR} 7... h6 8. Bf4 Nbd7 9. Ng3 Bh7 10. h4 Nb6 11. Bd3 Bxd3 12. Qxd3 h5 13. Bg5 Be7 14. Nf5 g6 15. Nxe7 Qxe7 16. O-O-O Qe6 17. f3 O-O-O 18. e4 Rd7 19. Rhe1 dxe4 20. fxe4 Ng4 21. d5 Qe5 22. Qf3 {1-0 Bluebaum,M (2655)-Hansen,S (2511) Titled Tue 2nd Jan Early 2024 (3)}) 8. f3 $146 ({RR} 8. Ng3 Bg6 9. Bd3 Bxd3 10. Qxd3 h6 11. Bxf6 Qxf6 12. Nh5 Qg5 13. Qf5 O-O 14. Qf3 Nd7 15. h4 Qg6 16. O-O-O b5 17. g4 b4 18. Ne2 a5 19. Neg3 Bxg3 20. Nxg3 a4 21. Nf5 Rfe8 22. Qf4 Ra7 {1-0 Luechtemeier,P (2195)-Gottstein,T (1724) Baunatal op 7th 2001 (1)}) ({RR} 8. Ng3 Bg6 9. Bd3 Bxd3 10. Qxd3 h6 11. Bxf6 Qxf6 12. O-O O-O 13. Nf5 Nd7 14. f4 Rfe8 15. Rae1 Nf8 16. a3 a5 17. Re2 Rad8 18. Ref2 Ng6 19. Nxd6 Rxd6 20. f5 Ne7 21. Rf3 Rd7 22. Ne2 c5 {1-0 Rajesh,V (2326)-Jinan,J (1691) Sivakasi op 4th 2018 (3)}) 8... Bg6 9. h4 h6 10. Bf4 Na6 11. Kf2 Nc7 12. Ng3 Ne6 13. Bxd6 Qxd6 14. h5 Bh7 15. Bd3 Bxd3 16. Qxd3 O-O-O 17. Nce2 g6 18. a4 Kb8 19. Qa3 Ne8 20. b4 Qe7 21. b5 Qxa3 22. Rxa3 cxb5 23. axb5 Nd6 24. Nc3 Nc7 25. Rb3 Nc4 26. Nce2 Rd6 27. Rc1 Rb6 28. Nf4 Rc8 29. e4 Rxb5 30. Rxb5 Nxb5 31. hxg6 fxg6 32. Nxg6 dxe4 33. Nxe4 Nxd4 34. Ne7 Rc7 35. Nd5 Rc8 36. Ne7 Rc7 37. Nd5 Rc8 38. Ne7 1/2-1/2